000 00465nam a2200157 4500
001 127715
003 ES-MaACL
005 20230906193053.0
007 t|
008 070214s1971 sp r ||||1| spa d
100 1 _aRincón, Tomás.
_997264
245 1 3 _aEl matrimonio
_b: misterio y signo : siglo IX-XIII /
_cTomás Rincón.
260 _aPamplona :
_bUniversidad de Navarra,
_c1971.
300 _aXVI, 444 p. ;
_c22 cm.
852 _aES-MaACL
_jC-45165
_bR.78386
999 _c127715
_d127715